| 000 | 00474nam a22001697a 4500 | ||
|---|---|---|---|
| 003 | NUST - PNEC | ||
| 005 | 20170116180804.0 | ||
| 008 | 150421b xxu||||| |||| 00| 0 eng d | ||
| 040 | _cLIBRARY | ||
| 082 | _a297 NAS | ||
| 100 |
_92838 _aNasai, Ahmed Bin Shoaib |
||
| 245 |
_aSunan e nasai – Volume 3 _cImam Ahmed Bin Shoaib Nasai |
||
| 260 |
_aLahore: _bHamid & Company, |
||
| 300 |
_a547 p. : _c24 cm. |
||
| 650 |
_92839 _aIslam, Social life _xGeneral |
||
| 942 |
_2ddc _cBK |
||
| 999 |
_c63120 _d63120 |
||